Návrh robotického ramena

Enregistré dans:
Détails bibliographiques
Auteur principal: Vallašek, Jozef (Auteur)
Autres auteurs: Michal, Dávid (Directeur de thèse)
Format: Manuscrit Livre
Langue:slovaque
Publié: 2020
Sujets:
Accès en ligne:http://is.stuba.sk/zp/portal_zp.pl?podrobnosti=146480
Tags: Ajouter un tag
Pas de tags, Soyez le premier à ajouter un tag!

MARC

LEADER 00000ntm a22000003a 4500
001 stuzp78278
003 SK-STU
005 20200718210708.0
007 ta
008 150427s2015----xo-----f-mn---000-0-slo-d
040 |a STU  |b slo 
041 0 |a slo 
100 1 |a Vallašek, Jozef  |u 063000  |4 aut  |U MTF Materiálovotechnologická fakulta  |T MTF Ústav výrobných technológií  |X 86930  |U M3000  |Y 83  |7 86930 
242 0 1 |a Design of robotic arm  |y eng 
245 1 0 |a Návrh robotického ramena 
260 |c 2020 
650 4 |a model  |2 slo 
650 4 |a robotické rameno  |2 slo 
650 4 |a Fusion 360  |2 slo 
650 4 |a robot  |2 slo 
650 4 |a návrh  |2 slo 
650 4 |a robotic arm  |2 eng 
650 4 |a robot  |2 eng 
650 4 |a design  |2 eng 
650 4 |a model  |2 eng 
650 4 |a Fusion 360  |2 eng 
700 1 |a Michal, Dávid  |u 063000  |k Z3  |4 ths  |U MTF Materiálovotechnologická fakulta  |T MTF Ústav výrobných technológií  |X 45589  |U M3000  |Y 83  |7 A000045589 
856 4 |u http://is.stuba.sk/zp/portal_zp.pl?podrobnosti=146480 
996 |c M* BP-9003  |l MMSKP  |s P  |a 0  |w stuzp78278_0001